| 000 | 00557nam a2200181 i 4500 | ||
|---|---|---|---|
| 001 | 147366 | ||
| 003 | ES-MaACL | ||
| 005 | 20230906201942.0 | ||
| 007 | t| | ||
| 008 | 070928s1976 sp ||||1| spa d | ||
| 100 | 1 |
_aSimak, Clifford D. _9106454 |
|
| 245 | 1 | 0 |
_aUmbral cósmico _b: ciencia-ficción / _cSimak D. Clifford ; [traducción Antonio Prometeo Moya]. |
| 250 | _a[1ª ed.]. | ||
| 260 |
_a[Barcelona : _bLuis de Caralt, _c1976] |
||
| 300 |
_a222 p. ; _c18 cm. |
||
| 700 | 0 |
_aMoya, Antonio-Prometeo. _983949 |
|
| 852 |
_aES-MaACL _jA-6215 _bR.95235 |
||
| 999 |
_c147366 _d147366 |
||